| 000 | 00548nam a22001937a 4500 | ||
|---|---|---|---|
| 003 | KOHA_MİRAKIL | ||
| 005 | 20240930101017.0 | ||
| 008 | 240929b2014 tu ||||| |||| 00| 0 tur d | ||
| 020 | _a9789757076490 | ||
| 040 |
_aTR-AnABB _btur _cTR-AnABB |
||
| 041 | _atur | ||
| 082 |
_a833.914 _bHEI 2014 |
||
| 100 | _aHeine, Ernst W. | ||
| 245 | 0 |
_aGüvercinin gerdanlığı Alamut'a dönüş / _cErnst W. Heine. |
|
| 260 |
_aAnkara : _bYurt Kitap Yayın, _c2014. |
||
| 300 |
_a389 sayfa ; _c20 cm. |
||
| 650 | _aAlman edebiyatı, roman | ||
| 942 |
_2ddc _cBK |
||
| 999 |
_c2198 _d2198 |
||